Disney Villain Deaths and Defeats - Statistics

General Stats
  • This quiz has been taken 1,126 times
  • The average score is 17 of 45
Answer Stats
Death Movie Baddie % Correct
Falls off a cliff and is crushed by boulder Snow White The Queen
96%
Chased away by the Tick-Tock Croc Peter Pan Captain Hook
66%
Mauled by hyenas The Lion King Scar
66%
Flipped into ravine when Horace and Jasper crash into her vehicle sideways 101 Dalmatians Cruella De Vil
64%
Imprisoned inside his lamp after turning into a genie Aladdin Jafar
64%
Falls off the castle to his death Beauty and the Beast Gaston
63%
Stabbed in the heart by the sword of truth, then tumbled to her demise Sleeping Beauty Maleficent
62%
Impaled by bow of a ship, struck by lightning, and then sank with it The Little Mermaid Ursula
62%
Dragged by the souls to the bottom of the River Styx for eternity Hercules Hades
59%
Fled with burning branch still tied to his tail and burning his back The Jungle Book Shere Khan
53%
Transformed into a kitten The Emperor's New Groove Yzma
50%
Foiled by Robin Hood and arrested by his brother, King Richard Robin Hood Prince John
48%
Foiled when Cinderella reveals the second glass slipper Cinderella Lady Tremaine
46%
Imprisoned for his crimes and sent back to the Southern Isles Frozen Hans
45%
Ages very fast then trips and falls out the window and turns to dust when she hits the ground Tangled Mother Gothel
43%
Falls and is choked to death by vines Tarzan Clayton
42%
Falls into lake of molten copper poured onto the street by Quasimodo The Hunchback of Notre Dame Judge Claude Frollo
41%
Shot off roof by fireworks and is blown up when crashing into a munitions cache Mulan Shan Yu
40%
Falls out of the tower window after he was chased by Cinderella's dog Bruno Cinderella Lucifer
38%
During a Wizard's Duel, Merlin outsmarts her by transforming into a germ and infecting her. She is last seen in her home, recovering from the disease. The Sword in the Stone Madam Mim
38%
Sucked into a jet propeller due to his cape The Incredibles Syndrome
37%
Falls off Big Ben to his death The Great Mouse Detective Ratigan
36%
Locked in a trunk and sent to Timbuktu The Aristocats Edgar Balthazar
35%
Strapped to the front of the garbage truck along with some other toys Toy Story 3 Lots-o'-Huggin' Bear
34%
Accidentally shoots John Smith and his men take him away and chain him Pocahontas Governor Ratcliffe
33%
Ends up in the backpack of a little girl and given a terrifying makeover Toy Story 2 Stinky Pete
32%
Refused by sunlight, but survives Fantasia Chernabog
30%
Flies into the becon that Ralph created, causing him to be destroyed Wreck-It Ralph King Candy/Turbo
29%
Left to face the angry Brutus and Nero alone while Mr. Snoops fled the scene The Rescuers Madame Medusa
27%
Sucked into the Black Cauldron The Black Cauldron Horned King
25%
Fell upside-down inside a barrel with an elephant mask on his bottom placed by Dumbo Dumbo The Ringmaster
25%
Turned into a donkey and is presumably sold into slavery Pinocchio Lampwick
24%
Hit by a train while in his car Oliver and Company Sykes
23%
Dragged into the voodoo spirit world, doomed to reside there for all eternity The Princess and the Frog Doctor Facilier
20%
Crushed by a rock and the spirit of the prince was finally freed from his prison and moved on peacefully to the afterlife Brave Mor'du
20%
Injured by the bear then reforms when Copper proves his loyalty to Tod The Fox and the Hound Amos Slade
19%
Defeated and tossed down a cliff by Bambi Bambi Ronno
19%
Falls off a waterfall to his death The Rescuers Down Under Percival C. McLeach
18%
Crystallized and shattered into million pieces Atlantis: The Lost Empire Lyle T. Rourke
17%
Unmasked by the cows and arrested. Home on the Range Alameda Slim
14%
Jumps off Carl's floating house when his leg gets caught by a bunch of balloons, he falls down to Earth and dies Up Charles F. Muntz
14%
Learns that Kenai was the bear after Sitka's ghost interferes and changes his ways for the better. Brother Bear Denahi
13%
Erased by the Aliens and comes back with a different personality Chicken Little Foxy Loxy
12%
Beaten by his own minions after he harpooned Willie the Whale Make Mine Music Tetti-Tatti
9%
Hit by a shovel in the human world Monsters, Inc. Boggs
8%
No matching quizzes found
Score Distribution
Percent of People with Each Score
Percentile by Number Answered
Your Score History
You have not taken this quiz